00560nam a22001457a 4500003000400000005001700004008004100021040001400062100002900076245013200105260001000237300002900247500011100276504002700387OSt20171010095448.0120621t xxu||||| |||| 00| 0 eng d aMMSUcULS aAgustin, Marlon, et al.  aComputer-based centralized air conditioning controller thru smart switch at the College of EngineeringcMarlon Agustin, et al.  c2007  ax, [73] leaves c28 cm.  aThesis (BS Electrical Engineering) -- Mariano Marcos State University-College of Engineering, Batac City  aBibliography: leaf 43